Plataforma educativa Moodle: administración y gestión (Registro nro. 2348)
[ vista simple ]
| 000 -Cabecera | |
|---|---|
| Campo de control de longitud fija | 00865aam a2200313 4500 |
| 005 - Fecha y hora de la última transacción | |
| Campo de control | 20260429160940.0 |
| 008 - Elementos de longitud fija--Información general | |
| Campo de control de longitud fija | 150527b2010 xxu||||| |||| 00| 0 spa d |
| 020 ## - International Standard Book Number | |
| Número Internacional Estándar del Libro (ISBN) | 9786077854494 |
| 041 ## - Idioma | |
| Código de idioma | Español |
| 082 ## - Clasificación Decimal Dewey | |
| Número de clasificación | 371.334 S212p |
| 100 ## - Entrada principal--Autor personal | |
| Nombre personal | Sánchez Rojo, Ignacio |
| 9 (RLIN) | 20045 |
| 245 ## - Título propiamente dicho | |
| Título | Plataforma educativa Moodle: administración y gestión |
| 260 ## - Pie de imprenta | |
| Lugar de publicación, distribución, etc. | México |
| 260 ## - Pie de imprenta | |
| Nombre del editor, distribuidor, etc. | Alfaomega |
| 260 ## - Pie de imprenta | |
| Fecha de publicación, distribución, etc. | 2010 |
| 300 ## - Descripción física | |
| Extensión | 404 páginas |
| 490 ## - Serie | |
| Título de la Serie | Tecnologías de la Información |
| 650 ## - Materia general | |
| Temática (materia general) | ENSEÑANZA CON AYUDA DE COMPUTADORES |
| 650 ## - Materia general | |
| Temática (materia general) | PROGRAMAS PARA COMPUTADOR |
| 650 ## - Materia general | |
| Temática (materia general) | TECNOLOGÍA EDUCATIVA |
| 650 ## - Materia general | |
| Temática (materia general) | MOODLE |
| 650 ## - Materia general | |
| Temática (materia general) | INSTALACIÓN DE MOODLE |
| 650 ## - Materia general | |
| Temática (materia general) | INTERFAZ DE MOODLE |
| 650 ## - Materia general | |
| Temática (materia general) | ADMINISTRACIÓN DEL SITIO |
| 650 ## - Materia general | |
| Temática (materia general) | BLOQUES DE MOODLE |
| 650 ## - Materia general | |
| Temática (materia general) | RECURSOS |
| 650 ## - Materia general | |
| Temática (materia general) | ACTIVIDADES |
| 942 ## - Punto de acceso adicional KOHA | |
| Tipo de ítem KOHA | Libro |
| Fuente del sistema de clasificación o colocación | Dewey Decimal Classification |
| Signatura completa | Código de barras | Programa Académico | Tipo de ítem |
|---|---|---|---|
| 371.334 S212p | 14883 | Tecnologías de Información | Libro |
| 371.334 S212p | 23857 | Tecnologías de Información | Libro |